FORESTS, trees and people
| Format: | Book |
|---|---|
| Published: |
Rome :
Food and Agriculture Organization ,
(19--)
|
| Series: | Forestry topics report ; no. 2
|
| Subjects: |
MARC
| LEADER | 00000cam a2200000 7i4500 | ||
|---|---|---|---|
| 001 | 0000002836 | ||
| 005 | 20040120.0 | ||
| 090 | 0 | 0 | |a FAO338.1749 |b FOR (19--) |
| 245 | 0 | 0 | |a FORESTS, trees and people |
| 260 | 0 | 0 | |a Rome : |b Food and Agriculture Organization , |c (19--) |
| 300 | |a 40 p. : |b ill. ; |c 21 cm. | ||
| 440 | 0 | 0 | |a Forestry topics report ; no. 2 |
| 650 | 0 | 0 | |a Forestry projects |
| 650 | 0 | 0 | |a Forests and forestry |x Social aspects |
| 650 | 0 | 0 | |a Tree farms |
| 998 | |a JPSM | ||
| 999 | |a 0000004480 |b Monograph |c Food and Agriculture Organization |e Default branch | ||